Reformas pendientes en la educación secundaria
Сохранить в:
| Главный автор: | |
|---|---|
| Формат: | |
| Язык: | испанский |
| Опубликовано: |
Santiago
PREAL
2009
|
| Редактирование: | 1a. ed |
| Серии: | Fondo de Investigaciones Educativas
|
| Предметы: | |
| Метки: |
Добавить метку
Нет меток, Требуется 1-ая метка записи!
|
MARC
| LEADER | 00000cam a2200000 a 4500 | ||
|---|---|---|---|
| 001 | UCF0435 | ||
| 003 | CL-VaPUC | ||
| 008 | 120517e20090300CL |||||||||||||||||spa|d | ||
| 020 | |a 9789568589134 | ||
| 082 | 0 | 4 | |a 373.2 |b CUE |2 21 |
| 100 | 0 | |a Cueto, Santiago |e author |9 562242 | |
| 245 | 1 | 0 | |a Reformas pendientes en la educación secundaria |
| 250 | |a 1a. ed | ||
| 300 | |a 482 p | ||
| 942 | |c BK | ||
| 945 | |d 20120517 00:00:00 |a dcastane | ||
| 260 | |a Santiago |b PREAL |c 2009 | ||
| 650 | 0 | |a Reforma educacional |9 256319 | |
| 650 | 0 | |a Calidad de la educación |9 307271 | |
| 583 | |a last modification |c 20121105 01:01:42 |k Rodrigo Vera | ||
| 490 | 0 | |a Fondo de Investigaciones Educativas | |
| 999 | |c 347753 |d 347751 | ||
| 952 | |0 0 |1 0 |4 0 |6 373_200000000000000_CUE_2009 |7 0 |8 A |9 449341 |a BIBEDU |b BIBEDU |d 2019-11-22 |i 485263K |o 373.2 CUE 2009 |p 485263K |r 2019-11-22 |w 2019-11-22 |y BK |k EDU | ||